01544nam a2200193Ia 4500001001300000003001000013008004100023040002500064041000700089100003200096245007300128250001100201260002900212300001200241500098500253650004701238700003001285700003501315b5898-40521 IT-MiCISF161014s9999||||xx |||||||||||||| ||und|| aIT-MiCISFcIT-MiCISF ait aBarbagli Marzio (a cura di) 0aI sommersi e i sanatibLe regolarizzazioni degli immigrati in Italia a1a ed. aBolognabIl mulinoc2004 app. 276 aBarbagli M., Colombo A., Sciortino G., Pastore F., Blangiardo G.C., Tanturri M.L., Zucchetti E., Anastasia B., Bragato S., Rasera M., Ambrosini M., Semi G., Ciafaloni F. / società, famiglia-migranti, legislazione / I programmi di regolarizzazione degli stranieri presenti in Italia in condizione irregolare svolgono un ruolo fondamentale nel sistema migratorio italiano. Nei fatti la maggioranza degli immigrati presenti in Italia ha acquisito uno status regolare grazie a una sanatoria; le sanatorie hanno quindi avuto effetti profondi sulla composizione della popolazione straniera e sul processo di inserimento degli immigrati nella società italiana. La conoscenza empirica di questo processo si riduce nel nostro Paese ad alcune idee preconcette, tanto incontestate quanto erronee. Il volume presenta alcune ricerche empiriche sui processi di regolarizzazione degli immigrati, che documentano la complessità di tali processi e la molteplicità di effetti che producono. a Famiglia nella società / societàe006 aColombo Asher (a cura di) aSciortino Giuseppe (a cura di)